[Event "BCF-chT4 0607 (4NCL)"]
[Site "Sunningdale"]
[Date "2007.02.10"]
[Round "5.4"]
[White "Spencer, Douglas"]
[Black "Kenyon, Scott"]
[Result "0-1"]
[WhiteElo "1970"]
[BlackElo "1765"]
[PlyCount "62"]
[EventDate "2006.09.16"]
[EventType "team"]
[EventRounds "11"]
[EventCountry "ENG"]
[SourceTitle "EXT 2008"]
[Source "ChessBase"]
[SourceDate "2007.11.25"]
[SourceVersion "1"]
[SourceVersionDate "2007.11.25"]
[SourceQuality "1"]
[WhiteTeam "King supp Pawn"]
[BlackTeam "London Mstrs"]
[WhiteTeamCountry "ENG"]
[BlackTeamCountry "ENG"]

1. d4 e6 2. Nf3 f5 3. c4 Nf6 4. Nc3 Be7 5. g3 d6 6. Bg2 0-0 7. 0-0 Qe8 8. Nd2 Nc6 9. Nb5 Bd8 10. d5 exd5 11. cxd5 Ne5 12. Nd4 Neg4 13. Nc4 Nxh2 14. Kxh2 Ng4+ 15. Kg1 Qh5 16. Nf3 g5 17. Ne3 f4 18. Nxg4 Bxg4 19. gxf4 gxf4 20. Qa4 Bg5 21. Nh2 Bxe2 22. Re1 Rf6 23. f3 Bd3 24. Ng4 Rf5 25. Qd4 Ba6 26. b3 c5 27. dxc6 Bd8 28. Qxd6 Bb6+ 29. Nf2 Bxf2+ 30. Kxf2 Qh4+ 31. Kg1 Qxe1+ 0-1

[Event "Hastings Masters op 82nd"]
[Site "Hastings"]
[Date "2006.12.28"]
[Round "1"]
[White "Kenyon, Scott"]
[Black "Anderson, John"]
[Result "0-1"]
[WhiteElo "1759"]
[BlackElo "2199"]
[PlyCount "63"]
[EventDate "2006.12.28"]
[EventType "swiss"]
[EventRounds "9"]
[EventCountry "ENG"]
[SourceTitle "CBM 116 Extra"]
[Source "ChessBase"]
[SourceDate "2007.03.07"]
[SourceVersion "1"]
[SourceVersionDate "2007.03.07"]
[SourceQuality "1"]

1. e4 c5 2. Nf3 Nc6 3. Bb5 g6 4. c3 Bg7 5. d4 Nf6 6. d5 Nb8 7. e5 Ng4 8. e6 f6 9. Qa4 Nh6 10. Bd3 Kf8 11. Qh4 Ng8 12. exd7 Qxd7 13. Na3 Qg4 14. Qxg4 Bxg4 15. Nd2 Nh6 16. Ne4 b6 17. Bf4 Nf7 18. f3 e5 19. Be3 Bd7 20. 0-0-0 f5 21. Nd2 Bf6 22. Rhe1 Kg7 23. Bf2 Rc8 24. Bg3 a6 25. Nac4 Bb5 26. Nxb6 Bxd3 27. Nxc8 Nd7 28. Nb3 c4 29. Na5 Rxc8 30. b3 e4 31. Rxd3 cxd3 32. c4 0-1

[Event "Coulsdon Xmas-B"]
[Site "Coulsdon"]
[Date "2006.12.14"]
[Round "7"]
[White "Seymour, Timothy P"]
[Black "Kenyon, Scott"]
[Result "0-1"]
[WhiteElo "2050"]
[BlackElo "1759"]
[PlyCount "58"]
[EventDate "2006.12.11"]
[EventType "tourn"]
[EventRounds "9"]
[EventCountry "ENG"]
[SourceTitle "EXT 2008"]
[Source "ChessBase"]
[SourceDate "2007.11.25"]
[SourceVersion "1"]
[SourceVersionDate "2007.11.25"]
[SourceQuality "1"]

1. e4 c6 2. d4 d5 3. Nd2 dxe4 4. Nxe4 Bf5 5. Ng3 Bg6 6. N1e2 e6 7. Nf4 Nd7 8. h4 Ngf6 9. h5 Bf5 10. Nxf5 exf5 11. Bc4 Qe7+ 12. Kf1 Nb6 13. Bb3 0-0-0 14. Rh3 Rg8 15. c4 g6 16. hxg6 hxg6 17. Rd3 Ne4 18. c5 Nd5 19. Bxd5 cxd5 20. Qa4 g5 21. Ne2 Re8 22. Be3 f4 23. Nxf4 gxf4 24. Bxf4 Bh6 25. Be5 Qh4 26. Rf3 Qh1+ 27. Ke2 Qxa1 28. Rxf7 Qxb2+ 29. Kf1 Qc1+ 0-1

[Event "Coulsdon Xmas-B"]
[Site "Coulsdon"]
[Date "2006.12.13"]
[Round "4"]
[White "Kenyon, Scott"]
[Black "Poobalasingam, Peter"]
[Result "1/2-1/2"]
[WhiteElo "1759"]
[BlackElo "2068"]
[PlyCount "51"]
[EventDate "2006.12.11"]
[EventType "tourn"]
[EventRounds "9"]
[EventCountry "ENG"]
[SourceTitle "EXT 2008"]
[Source "ChessBase"]
[SourceDate "2007.11.25"]
[SourceVersion "1"]
[SourceVersionDate "2007.11.25"]
[SourceQuality "1"]

1. e4 e6 2. d4 d5 3. Nd2 Nf6 4. e5 Nfd7 5. Bd3 c5 6. c3 Nc6 7. Ne2 cxd4 8. cxd4 f6 9. f4 Qb6 10. Nf3 Be7 11. a3 f5 12. b4 a5 13. Qa4 Nf8 14. Rb1 Bd7 15. b5 Nd8 16. Bd2 Nf7 17. Nc1 Qd8 18. Qb3 b6 19. a4 g5 20. g3 h5 21. h4 gxh4 22. Nxh4 Rg8 23. Be2 Rc8 24. Na2 Rc7 25. Rd1 Qc8 26. Kf2 1/2-1/2

[Event "BCF-chT4 0607 (4NCL)"]
[Site "Sunningdale"]
[Date "2006.09.24"]
[Round "2.2"]
[White "Thompson, Brian"]
[Black "Kenyon, Scott"]
[Result "0-1"]
[WhiteElo "2000"]
[BlackElo "1774"]
[PlyCount "94"]
[EventDate "2006.09.16"]
[EventType "team"]
[EventRounds "11"]
[EventCountry "ENG"]
[SourceTitle "CBM 115 Extra"]
[Source "ChessBase"]
[SourceDate "2007.01.10"]
[SourceVersion "1"]
[SourceVersionDate "2007.01.10"]
[SourceQuality "1"]
[WhiteTeam "Notts II"]
[BlackTeam "London Mstrs II"]
[WhiteTeamCountry "ENG"]
[BlackTeamCountry "ENG"]

1. d4 e6 2. c4 f5 3. Nc3 Nf6 4. Nf3 d6 5. Bg5 Be7 6. Qc2 Nc6 7. 0-0-0 Ng4 8. Bxe7 Qxe7 9. e4 e5 10. Nd5 Qd8 11. h3 fxe4 12. hxg4 exf3 13. Rxh7 Qg5+ 14. Kb1 0-0 15. Rh5 Qxg4 16. Qh7+ Kf7 17. Ne3 Qg6+ 18. Bd3 Qxh7 19. Bxh7 exd4 20. Nc2 g6 21. Rg5 Bf5 22. g4 Be4 23. Re1 Kf6 24. Rb5 Bxc2+ 25. Kxc2 Ne5 26. Rxb7 Rf7 27. Rh1 c5 28. g5+ Kg7 29. Rxf7+ Nxf7 30. Rh3 Nxg5 31. Rg3 Nxh7 32. Rxf3 Rf8 33. Ra3 Rxf2+ 34. Kc1 Rf7 35. Ra6 Rd7 36. a3 Kf6 37. b4 Ke5 38. bxc5 dxc5 39. Rxg6 Rc7 40. Kd2 Nf8 41. Rg5+ Kf6 42. Rg3 Ne6 43. Rf3+ Ke5 44. Rf1 Rh7 45. Re1+ Kd6 46. Kc2 Rh2+ 47. Kb3 Rh3+ 0-1

[Event "GBR-ch op"]
[Site "Swansea"]
[Date "2006.08.12"]
[Round "6.71"]
[White "Kenyon, Scott"]
[Black "Peet, James T"]
[Result "0-1"]
[WhiteElo "1774"]
[BlackElo "1865"]
[PlyCount "64"]
[EventDate "2006.08.06"]
[EventType "swiss"]
[EventRounds "11"]
[EventCountry "WLS"]
[SourceTitle "CBM 113 Extra"]
[Source "ChessBase"]
[SourceDate "2006.09.14"]
[SourceVersion "1"]
[SourceVersionDate "2006.09.14"]
[SourceQuality "1"]

1. e4 c6 2. d4 d5 3. e5 Bf5 4. g4 Be4 5. f3 Bg6 6. h4 h5 7. e6 Qd6 8. exf7+ Bxf7 9. Ne2 Nd7 10. Bf4 Qb4+ 11. c3 Qxb2 12. Nd2 0-0-0 13. Nb3 Bg6 14. Rc1 Re8 15. g5 Bf5 16. Bh3 Bxh3 17. Rxh3 e5 18. Rb1 Qa3 19. dxe5 Nxe5 20. Qc2 Bd6 21. Qf5+ Kc7 22. Nbd4 Qxa2 23. Bxe5 Bxe5 24. Rxb7+ Kxb7 25. Qd7+ Bc7 26. Qxc6+ Kb8 27. f4 Re4 28. c4 Qa1+ 29. Kf2 Rxf4+ 30. Ke3 Qa3+ 31. Kd2 Ba5+ 32. Kc2 Qa2+ 0-1

[Event "BCF-chT4 0506 (4NCL)"]
[Site "West Bromwich"]
[Date "2006.05.29"]
[Round "11.4"]
[White "Kenyon, Scott"]
[Black "Davies, Peter L"]
[Result "1/2-1/2"]
[WhiteElo "1840"]
[BlackElo "1929"]
[PlyCount "56"]
[EventDate "2005.11.05"]
[EventType "team"]
[EventRounds "11"]
[EventCountry "ENG"]
[SourceTitle "CBM 109 Extra"]
[Source "ChessBase"]
[SourceDate "2006.01.03"]
[SourceVersion "2"]
[SourceVersionDate "2006.01.03"]
[SourceQuality "1"]
[WhiteTeam "Richmond II"]
[BlackTeam "Pontypridd"]
[WhiteTeamCountry "ENG"]
[BlackTeamCountry "ENG"]

1. e4 e5 2. Nf3 Nc6 3. Bb5 a6 4. Ba4 Nf6 5. 0-0 Nxe4 6. d4 b5 7. Bb3 d5 8. Nxe5 Nxe5 9. dxe5 Be6 10. a4 Bc5 11. axb5 axb5 12. Rxa8 Qxa8 13. Nd2 Nxf2 14. Rxf2 0-0 15. Kf1 Bxf2 16. Kxf2 f6 17. exf6 Qa7+ 18. Kf1 Rxf6+ 19. Nf3 c6 20. Bg5 Rf8 21. Bh4 Bg4 22. Bf2 Qf7 23. c3 Qh5 24. Bg3 Bf5 25. Bc2 Be4 26. Kg1 Qg6 27. Bb3 h6 28. Nd4 Qf6 1/2-1/2

[Event "Gausdal Elo op"]
[Site "Gausdal"]
[Date "2006.04.27"]
[Round "5"]
[White "Kenyon, Scott"]
[Black "Wibe, Per H"]
[Result "1-0"]
[WhiteElo "1749"]
[BlackElo "1516"]
[PlyCount "47"]
[EventDate "2006.04.23"]
[EventType "swiss"]
[EventRounds "9"]
[EventCountry "NOR"]
[SourceTitle "EXT 2007"]
[Source "ChessBase"]
[SourceDate "2006.11.23"]
[SourceVersion "1"]
[SourceVersionDate "2006.11.23"]
[SourceQuality "1"]

1. e4 c5 2. a3 d6 3. b4 Nf6 4. Nc3 g6 5. bxc5 Bg7 6. cxd6 Nxe4 7. Nxe4 Bxa1 8. c3 exd6 9. Bb5+ Nc6 10. Ne2 Qe7 11. d3 f5 12. Bg5 Bxc3+ 13. N2xc3 Qc7 14. Nf6+ Kf7 15. Bc4+ Kg7 16. 0-0 Rf8 17. Nfd5 Qa5 18. Qc1 f4 19. Bxf4 Be6 20. Bh6+ Kh8 21. Qb2 Ne5 22. Qxb7 Bf7 23. Qe7 Ng4 24. Bxf8 1-0

[Event "Gausdal Elo op"]
[Site "Gausdal"]
[Date "2006.04.26"]
[Round "4"]
[White "Kalkman de Koster, Franzke"]
[Black "Kenyon, Scott"]
[Result "0-1"]
[WhiteElo "1280"]
[BlackElo "1749"]
[PlyCount "114"]
[EventDate "2006.04.23"]
[EventType "swiss"]
[EventRounds "9"]
[EventCountry "NOR"]
[SourceTitle "EXT 2007"]
[Source "ChessBase"]
[SourceDate "2006.11.23"]
[SourceVersion "1"]
[SourceVersionDate "2006.11.23"]
[SourceQuality "1"]

1. d4 d5 2. c4 e5 3. dxe5 d4 4. Nf3 Nc6 5. g3 Nge7 6. Bg2 Ng6 7. 0-0 Ngxe5 8. b3 Bc5 9. Nxe5 Nxe5 10. Be4 Bh3 11. Bxb7 Rb8 12. Bg2 Qd7 13. Bf4 f6 14. Bxe5 fxe5 15. Bxh3 Qxh3 16. Qd3 Rb6 17. Qe4 0-0 18. Nd2 Rh6 19. Qg2 Qh5 20. Ne4 Be7 21. e3 c5 22. Rab1 Qe2 23. exd4 exd4 24. f3 Qxg2+ 25. Kxg2 Ra6 26. Ra1 Ra3 27. h4 a5 28. Rfe1 a4 29. Nd2 axb3 30. axb3 Rxa1 31. Rxa1 Rb8 32. Ra7 Kf7 33. Ne4 Ke6 34. Ra3 Ke5 35. Kf2 Rb7 36. Ke2 h6 37. Kd3 g5 38. hxg5 hxg5 39. Nf2 Bf8 40. Ng4+ Kf5 41. Nf2 Rb6 42. Ne4 g4 43. f4 Re6 44. Ng5 Re3+ 45. Kd2 Be7 46. Kc2 Rxg3 47. Ra1 Kxf4 48. Ne6+ Ke5 49. Nc7 Rc3+ 50. Kb2 Rf3 51. Nd5 Bf8 52. Re1+ Kf5 53. Kc2 Bd6 54. Ne7+ Bxe7 55. Rxe7 g3 56. Rc7 g2 57. Rxc5+ Kf4 0-1

[Event "Southend op-A"]
[Site "Southend"]
[Date "2006.04.17"]
[Round "7"]
[White "Lutton, J Arnold"]
[Black "Kenyon, Scott"]
[Result "0-1"]
[WhiteElo "1967"]
[BlackElo "1749"]
[PlyCount "160"]
[EventDate "2006.04.14"]
[EventType "swiss"]
[EventRounds "7"]
[EventCountry "ENG"]
[SourceTitle "EXT 2007"]
[Source "ChessBase"]
[SourceDate "2006.11.23"]
[SourceVersion "1"]
[SourceVersionDate "2006.11.23"]
[SourceQuality "1"]

1. e4 e5 2. Nf3 Nc6 3. Bb5 a6 4. Ba4 Nf6 5. 0-0 Be7 6. Re1 b5 7. Bb3 0-0 8. c3 d5 9. d3 dxe4 10. dxe4 Qxd1 11. Bxd1 Rd8 12. Bc2 Bb7 13. Be3 Ng4 14. Bg5 f6 15. Bh4 Rd6 16. h3 Nh6 17. Nbd2 Kf8 18. Rad1 Rad8 19. Nf1 Na5 20. N3d2 Nf7 21. f3 R6d7 22. Bf2 Nd6 23. Ne3 Nc8 24. b4 Rxd2 25. Rxd2 Rxd2 26. bxa5 c6 27. Rd1 Rxd1+ 28. Bxd1 Bd8 29. Nf5 g6 30. Bc5+ Kg8 31. Bb3+ Kh8 32. Ne3 Bxa5 33. Nd1 Bb6 34. Bxb6 Nxb6 35. Kf1 Nd7 36. Ke2 a5 37. Nb2 a4 38. Bc2 Nb6 39. Bd3 Kg7 40. h4 Kf8 41. g3 Ke7 42. c4 a3 43. Nd1 bxc4 44. Bc2 Kd6 45. Kd2 Kc5 46. Ne3 Kd4 47. Ng4 Nd7 48. Ne3 c3+ 49. Ke2 Ba6+ 50. Kf2 Bd3 51. Bb3 Kc5 52. Nc2 Bc4 53. Bxc4 Kxc4 54. Ke3 Nc5 55. Nxa3+ Kb4 56. Nc2+ Ka4 57. f4 Kb5 58. Na3+ Ka6 59. Nc4 c2 60. Kd2 exf4 61. gxf4 c1Q+ 62. Kxc1 Nd3+ 63. Kc2 Nxf4 64. Ne3 h5 65. Kc3 Kb5 66. a4+ Kxa4 67. Kc4 Ne6 68. Ng2 Ka5 69. Ne3 Kb6 70. Nc2 Kc7 71. Nb4 Kd6 72. Nd3 g5 73. hxg5 fxg5 74. Kc3 Nf4 75. Nf2 g4 76. Kd4 g3 77. e5+ Ke6 78. Ne4 g2 79. Ng5+ Kf5 80. Nf3 Ne2+ 0-1

[Event "Southend op-A"]
[Site "Southend"]
[Date "2006.04.14"]
[Round "1"]
[White "Briscoe, Christopher"]
[Black "Kenyon, Scott"]
[Result "1-0"]
[WhiteElo "2161"]
[BlackElo "1749"]
[PlyCount "95"]
[EventDate "2006.04.14"]
[EventType "swiss"]
[EventRounds "7"]
[EventCountry "ENG"]
[SourceTitle "EXT 2007"]
[Source "ChessBase"]
[SourceDate "2006.11.23"]
[SourceVersion "1"]
[SourceVersionDate "2006.11.23"]
[SourceQuality "1"]

1. e4 e6 2. d4 d5 3. Nd2 Nf6 4. e5 Nfd7 5. c3 c5 6. f4 cxd4 7. cxd4 Nc6 8. Ndf3 Qb6 9. g3 Bb4+ 10. Kf2 Be7 11. Kg2 g6 12. h4 h5 13. Nh3 a5 14. a4 Na7 15. Nf2 Nb8 16. g4 hxg4 17. Nxg4 Bd7 18. b3 Nac6 19. Be3 Na6 20. Ng5 Nc7 21. Rc1 Qb4 22. Nf2 Qb6 23. Bd3 Bxg5 24. fxg5 0-0-0 25. Ng4 Rdf8 26. Bf2 Kb8 27. Nf6 Bc8 28. Rh3 Qb4 29. Bb1 Ne8 30. Rhc3 Nxf6 31. exf6 Bd7 32. Rc5 Qb6 33. Bd3 Rc8 34. Bb5 Ka7 35. Qd2 Rhe8 36. Bg3 e5 37. Bxc6 Bxc6 38. Rxa5+ Kb8 39. Re1 Rcd8 40. Rxe5 Rxe5 41. Bxe5+ Kc8 42. Ra8+ Kd7 43. Rxd8+ Kxd8 44. Qe3 Bd7 45. h5 gxh5 46. g6 fxg6 47. f7 Qb4 48. Bf6+ 1-0

[Event "Southend op-A"]
[Site "Southend"]
[Date "2006.04.14"]
[Round "2"]
[White "Kenyon, Scott"]
[Black "Matthews, Adrian MS"]
[Result "0-1"]
[WhiteElo "1749"]
[BlackElo "1936"]
[PlyCount "60"]
[EventDate "2006.04.14"]
[EventType "swiss"]
[EventRounds "7"]
[EventCountry "ENG"]
[SourceTitle "EXT 2007"]
[Source "ChessBase"]
[SourceDate "2006.11.23"]
[SourceVersion "1"]
[SourceVersionDate "2006.11.23"]
[SourceQuality "1"]

1. e4 c5 2. a3 Nc6 3. b4 d6 4. b5 Nb8 5. d4 cxd4 6. Qxd4 Nf6 7. f4 Qc7 8. Nc3 e5 9. Qd3 Nbd7 10. Nd5 Nxd5 11. exd5 Be7 12. Nf3 Bf6 13. fxe5 Nxe5 14. Nxe5 Bxe5 15. Ra2 0-0 16. Be2 Bc3+ 17. Bd2 Bxd2+ 18. Qxd2 Qc5 19. Rf1 Re8 20. c4 Qxc4 21. Kd1 Qa4+ 22. Kc1 Bd7 23. Rf4 Rac8+ 24. Kb2 Rxe2 25. Rxa4 Rxd2+ 26. Kb3 Rxa2 27. Kxa2 Bxb5 28. Rxa7 Bc4+ 29. Kb2 Bxd5 30. g3 g6 0-1

[Event "Hastings Masters op 81st"]
[Site "Hastings"]
[Date "2005.12.30"]
[Round "3"]
[White "Makumbi, Geoffrey"]
[Black "Kenyon, Scott"]
[Result "1-0"]
[WhiteElo "2195"]
[BlackElo "1713"]
[PlyCount "107"]
[EventDate "2005.12.28"]
[EventType "swiss"]
[EventRounds "10"]
[EventCountry "ENG"]
[SourceTitle "CBM 110 Extra"]
[Source "ChessBase"]
[SourceDate "2006.03.10"]
[SourceVersion "2"]
[SourceVersionDate "2006.03.10"]
[SourceQuality "1"]

1. d4 e6 2. c4 f5 3. Nf3 Nf6 4. g3 Be7 5. Bg2 a5 6. 0-0 d6 7. Nc3 0-0 8. Qc2 Nc6 9. d5 Nb4 10. Qb3 e5 11. c5 Na6 12. Na4 Qe8 13. Ng5 Bd7 14. c6 Bc8 15. cxb7 Bxb7 16. Ne6 Rb8 17. Nxf8 Kxf8 18. Qd1 Bxd5 19. Bxd5 Nxd5 20. Qxd5 Qxa4 21. b3 Qb5 22. Qxb5 Rxb5 23. Ba3 a4 24. bxa4 Ra5 25. Rab1 Rxa4 26. Rb3 d5 27. Bxe7+ Kxe7 28. Ra1 Kd6 29. a3 Kd7 30. Rd1 Ra5 31. Kg2 Ke6 32. e3 Kd6 33. Ra1 Ra4 34. Rb7 Kc6 35. Ra7 Kb5 36. Rb1+ Kc4 37. Rc1+ Kb5 38. Rb1+ Kc4 39. Rbb7 d4 40. exd4 exd4 41. Rxc7+ Nxc7 42. Rxa4+ Kc3 43. Ra5 Ne6 44. Re5 Nd8 45. Rc5+ Kd3 46. a4 Nb7 47. Rb5 Nd6 48. Rd5 Ne4 49. a5 Nc3 50. Rd7 Kc4 51. a6 Na4 52. a7 Nb6 53. Rb7 Na8 54. Rb8 1-0

[Event "BCF-ch Major 92nd"]
[Site "Douglas"]
[Date "2005.08.12"]
[Round "11"]
[White "Kenyon, Scott"]
[Black "Bucher, Grant"]
[Result "1/2-1/2"]
[WhiteElo "1671"]
[BlackElo "1729"]
[PlyCount "33"]
[EventDate "2005.08.01"]
[EventType "swiss"]
[EventRounds "11"]
[EventCountry "ENG"]
[SourceTitle "EXT 2006"]
[Source "ChessBase"]
[SourceDate "2005.11.24"]
[SourceVersion "1"]
[SourceVersionDate "2005.11.24"]
[SourceQuality "1"]

1. c4 Nf6 2. Nc3 g6 3. g3 Bg7 4. Bg2 d6 5. e3 c6 6. d4 0-0 7. Nge2 e5 8. 0-0 Na6 9. a3 exd4 10. exd4 Nc7 11. b4 d5 12. c5 Bf5 13. Ra2 Qd7 14. Nf4 h6 15. Re1 g5 16. Nh5 Bg6 17. Nxg7 1/2-1/2

[Event "BCF-ch Major 92nd"]
[Site "Douglas"]
[Date "2005.08.04"]
[Round "4"]
[White "Wynarczyk, Raymond"]
[Black "Kenyon, Scott"]
[Result "1/2-1/2"]
[WhiteElo "1832"]
[BlackElo "1671"]
[PlyCount "51"]
[EventDate "2005.08.01"]
[EventType "swiss"]
[EventRounds "11"]
[EventCountry "ENG"]
[SourceTitle "EXT 2006"]
[Source "ChessBase"]
[SourceDate "2005.11.24"]
[SourceVersion "1"]
[SourceVersionDate "2005.11.24"]
[SourceQuality "1"]

1. e4 e5 2. Nf3 Nc6 3. Bb5 a6 4. Ba4 Nf6 5. Qe2 b5 6. Bb3 Be7 7. c3 d5 8. d3 0-0 9. h3 Re8 10. 0-0 Bf8 11. Bg5 dxe4 12. dxe4 Be6 13. Rd1 Qe7 14. Bxe6 Qxe6 15. Bxf6 Qxf6 16. Nbd2 Ne7 17. Nf1 Ng6 18. g3 Rad8 19. Ne3 Ne7 20. Ng4 Rxd1+ 21. Qxd1 Qe6 22. Ngxe5 f6 23. Qd7 Nc8 24. Qxe6+ Rxe6 25. Nd3 Rxe4 26. Re1 1/2-1/2

[Event "Politiken Cup 27th"]
[Site "Copenhagen"]
[Date "2005.07.23"]
[Round "9"]
[White "Kenyon, Scott"]
[Black "Overmark, Ole"]
[Result "1/2-1/2"]
[WhiteElo "1671"]
[BlackElo "1937"]
[PlyCount "70"]
[EventDate "2005.07.16"]
[EventType "swiss"]
[EventRounds "10"]
[EventCountry "DEN"]
[SourceTitle "CBM 107 Extra"]
[Source "ChessBase"]
[SourceDate "2005.09.01"]
[SourceVersion "1"]
[SourceVersionDate "2005.09.01"]
[SourceQuality "1"]

1. e4 e6 2. d4 d5 3. Nc3 Bb4 4. e5 c5 5. a3 Bxc3+ 6. bxc3 Qc7 7. Qg4 f5 8. Qg3 Nc6 9. Bb5 cxd4 10. cxd4 Nge7 11. Qxg7 Rg8 12. Qxh7 Qa5+ 13. Bd2 Qxb5 14. Ne2 Bd7 15. Qh5+ Kd8 16. 0-0 Be8 17. Qf3 b6 18. a4 Qc4 19. a5 b5 20. a6 Nxd4 21. Ba5+ Kc8 22. Nxd4 Qxd4 23. Qa3 Nc6 24. Rfe1 Nxa5 25. Qxa5 Rb8 26. c4 bxc4 27. Rab1 Rb6 28. Red1 Rxb1 29. Rxb1 Rxg2+ 30. Kh1 Rxh2+ 31. Kxh2 Qxe5+ 32. Kg1 f4 33. Qc5+ Qc7 34. Qf8 Qf7 35. Qc5+ Qc7 1/2-1/2

[Event "Politiken Cup 27th"]
[Site "Copenhagen"]
[Date "2005.07.22"]
[Round "8"]
[White "Eriksson, Claes"]
[Black "Kenyon, Scott"]
[Result "1-0"]
[WhiteElo "2065"]
[BlackElo "1671"]
[PlyCount "27"]
[EventDate "2005.07.16"]
[EventType "swiss"]
[EventRounds "10"]
[EventCountry "DEN"]
[SourceTitle "CBM 107 Extra"]
[Source "ChessBase"]
[SourceDate "2005.09.01"]
[SourceVersion "1"]
[SourceVersionDate "2005.09.01"]
[SourceQuality "1"]

1. e4 e5 2. Nf3 Nc6 3. d4 exd4 4. Nxd4 Qh4 5. Nc3 Bb4 6. Ndb5 Qxe4+ 7. Be2 Kd8 8. 0-0 Qe8 9. Nd5 Ba5 10. b4 Bb6 11. Bf4 d6 12. Nxb6 axb6 13. Nxc7 Qe7 14. Nxa8 1-0

[Event "Politiken Cup 27th"]
[Site "Copenhagen"]
[Date "2005.07.18"]
[Round "4"]
[White "Martinez de Miguel, Pedro"]
[Black "Kenyon, Scott"]
[Result "1-0"]
[WhiteElo "2101"]
[BlackElo "1671"]
[PlyCount "47"]
[EventDate "2005.07.16"]
[EventType "swiss"]
[EventRounds "10"]
[EventCountry "DEN"]
[SourceTitle "CBM 107 Extra"]
[Source "ChessBase"]
[SourceDate "2005.09.01"]
[SourceVersion "1"]
[SourceVersionDate "2005.09.01"]
[SourceQuality "1"]

1. e4 e5 2. Nf3 Nc6 3. d4 exd4 4. Nxd4 Bc5 5. Nb3 Bb6 6. Nc3 Nf6 7. Bg5 h6 8. Bh4 g5 9. Bg3 d6 10. Qd2 Be6 11. Be2 a6 12. 0-0-0 Bxb3 13. axb3 Nd7 14. Nd5 Ba5 15. b4 Bb6 16. Qc3 Nce5 17. Nxb6 cxb6 18. Rxd6 Rc8 19. Rxd7 Nxd7 20. Qxh8+ Nf8 21. Rd1 Qe7 22. Bd6 Rxc2+ 23. Kxc2 Qxe4+ 24. Kd2 1-0

[Event "BCF-chT4a 0405 (4NCL)"]
[Site "Telford"]
[Date "2005.05.29"]
[Round "10.3"]
[White "Foster, James C"]
[Black "Kenyon, Scott"]
[Result "1-0"]
[WhiteElo "1835"]
[BlackElo "1875"]
[PlyCount "77"]
[EventDate "2004.11.06"]
[EventType "team"]
[EventRounds "11"]
[EventCountry "ENG"]
[SourceTitle "EXT 2006"]
[Source "ChessBase"]
[SourceDate "2005.11.24"]
[SourceVersion "1"]
[SourceVersionDate "2005.11.24"]
[SourceQuality "1"]
[WhiteTeam "Conquistadors"]
[BlackTeam "Richmond II"]
[WhiteTeamCountry "ENG"]
[BlackTeamCountry "ENG"]

1. e4 e6 2. d4 d5 3. exd5 exd5 4. c4 Nf6 5. Bd3 dxc4 6. Bxc4 Bf5 7. Ne2 Nc6 8. Nbc3 Bd6 9. Bg5 Nb4 10. Rc1 c6 11. a3 Na6 12. Qb3 Qc7 13. Bxf6 gxf6 14. Nb5 Qa5+ 15. Nbc3 0-0-0 16. 0-0 Nc7 17. Bxf7 h5 18. d5 c5 19. Ng3 Bd7 20. Nce4 Ba4 21. Nxd6+ Rxd6 22. Qe3 b6 23. Nf5 Rd7 24. b4 cxb4 25. Be6 Kb8 26. Qf4 Rdh7 27. axb4 Qa6 28. Nd4 Qb7 29. Nc6+ Ka8 30. Qxf6 Rh6 31. Qe5 Nxe6 32. Nxa7 Qxa7 33. dxe6 Qe7 34. Ra1 Qxb4 35. Rfb1 Qc4 36. Rxb6 R6h7 37. e7 Rxe7 38. Qxh8+ Re8 39. Qxe8+ 1-0

[Event "BCF-chT4a 0405 (4NCL)"]
[Site "Telford"]
[Date "2005.05.28"]
[Round "9.3"]
[White "Simpson, Chris"]
[Black "Kenyon, Scott"]
[Result "1-0"]
[WhiteElo "1960"]
[BlackElo "1875"]
[PlyCount "93"]
[EventDate "2004.11.06"]
[EventType "team"]
[EventRounds "11"]
[EventCountry "ENG"]
[SourceTitle "EXT 2006"]
[Source "ChessBase"]
[SourceDate "2005.11.24"]
[SourceVersion "1"]
[SourceVersionDate "2005.11.24"]
[SourceQuality "1"]
[WhiteTeam "Cheddleton"]
[BlackTeam "Richmond II"]
[WhiteTeamCountry "ENG"]
[BlackTeamCountry "ENG"]

1. d4 e6 2. Nf3 f5 3. g3 Nf6 4. Bg2 Be7 5. 0-0 d6 6. c4 0-0 7. Nc3 a5 8. Qc2 Nc6 9. e4 e5 10. dxe5 dxe5 11. Rd1 Qe8 12. Nd5 Nxd5 13. exd5 Nb4 14. Qe2 e4 15. Ne1 g5 16. a3 Na6 17. Bd2 Nc5 18. Bc3 Bf6 19. Bxf6 Rxf6 20. b4 Na4 21. Qe3 f4 22. Qd4 Qf7 23. Bxe4 f3 24. c5 h5 25. d6 cxd6 26. cxd6 Be6 27. bxa5 Bb3 28. Rd3 h4 29. Rxb3 Qxb3 30. Bd5+ Qxd5 31. Qxd5+ Kf8 32. Qd4 Re6 33. Qxa4 h3 34. Nxf3 Rxd6 35. Nxg5 Rad8 36. Qf4+ Kg7 37. Nxh3 b5 38. axb6 Kh8 39. Ng5 R6d7 40. Rb1 Rd1+ 41. Rxd1 Rxd1+ 42. Kg2 Kg7 43. h4 Kh6 44. Qf6+ Kh5 45. b7 Rb1 46. Qh8+ Kg4 47. b8Q 1-0

[Event "BCF-chT4a 0405 (4NCL)"]
[Site "Telford"]
[Date "2005.04.16"]
[Round "7.3"]
[White "Morris, Graham P"]
[Black "Kenyon, Scott"]
[Result "0-1"]
[WhiteElo "2050"]
[BlackElo "1875"]
[PlyCount "62"]
[EventDate "2004.11.06"]
[EventType "team"]
[EventRounds "11"]
[EventCountry "ENG"]
[SourceTitle "EXT 2006"]
[Source "ChessBase"]
[SourceDate "2005.11.24"]
[SourceVersion "1"]
[SourceVersionDate "2005.11.24"]
[SourceQuality "1"]
[WhiteTeam "Oxford II"]
[BlackTeam "Richmond II"]
[WhiteTeamCountry "ENG"]
[BlackTeamCountry "ENG"]

1. e4 e6 2. d3 d5 3. Nd2 Nf6 4. Ngf3 b6 5. g3 Bb7 6. e5 Nfd7 7. Bg2 d4 8. 0-0 c5 9. Re1 Nc6 10. Nf1 Be7 11. Qe2 g5 12. h3 h5 13. N1h2 Rg8 14. Nd2 Ndxe5 15. Qxh5 Qd7 16. Ne4 Nb4 17. Nxg5 Bxg5 18. Bxb7 Qxb7 19. Bxg5 Ng6 20. Ng4 Nd5 21. Nf6+ Nxf6 22. Bxf6 Nf4 23. Rxe6+ Nxe6 24. Re1 Qc6 25. Kh2 Rg6 26. Qe5 Kd7 27. f4 Qf3 28. Bh4 f5 29. Rg1 Rf8 30. Rg2 Kc6 31. Kg1 Qe3+ 0-1